El proceso del aprendizaje: cómo aprende el adulto

Gespeichert in:
Bibliographische Detailangaben
1. Verfasser: Kidd, J. R (VerfasserIn)
Format: Buch
Sprache:Spanisch
Veröffentlicht: Buenos Aires El Ateneo 1973
Schriftenreihe:Biblioteca nuevas orientaciones de la educación. Problemática de la educación
Schlagworte:
Tags: Tag hinzufügen
Keine Tags, Fügen Sie den ersten Tag hinzu!

MARC

LEADER 00000nam a2200000 a 4500
001 UCY8958
003 CL-VaPUC
008 950707e19730000AG |||||||||||||||||spa|d
082 0 4 |a 374  |b KID  |2 21 
100 0 |a Kidd, J. R  |e author  |9 340825 
245 1 3 |a El proceso del aprendizaje: cómo aprende el adulto 
300 |a 255 p 
942 |c BK 
945 |d 19950707 00:00:00  |a cmena 
260 |a Buenos Aires  |b El Ateneo  |c 1973 
650 0 |a Educación de adultos  |9 307580 
650 0 |a Alumnos adultos   |9 340819 
650 0 |a Aprendizaje de adultos  |9 340826 
650 0 |a Procesos de aprendizaje  |9 309161 
650 7 |a EDUCACION PERMANENTE  |2 CL-VaPUC  |9 316165 
650 7 |a EDUCADORES DE ADULTOS  |2 CL-VaPUC  |9 340827 
583 |a last modification  |c 19950707 00:00:00  |k Rodrigo Vera 
490 0 |a Biblioteca nuevas orientaciones de la educación. Problemática de la educación 
999 |c 236136  |d 236134 
952 |0 0  |1 0  |4 0  |6 374_000000000000000_KID_1973  |7 0  |8 P  |9 244003  |a BIBEDU  |b BIBEDU  |c BIBEDU_PB  |d 2019-11-18  |i 1529307  |o 374 KID 1973  |p 1529307  |r 2024-01-25  |w 2019-11-18  |y BK  |k EDU 
952 |0 0  |1 0  |4 0  |6 374_000000000000000_KID_1973  |7 0  |8 A  |9 244004  |a BIBGIM  |b BIBGIM  |d 2019-11-18  |i 199932K  |o 374 KID 1973  |p 199932K  |r 2025-01-15  |w 2019-11-18  |y BK  |k SSL 
952 |0 0  |1 0  |4 0  |6 374_000000000000000_KID_1973  |7 0  |8 A  |9 244005  |a FDOPOS  |b FDOPOS  |d 2019-11-18  |i 4315960  |o 374 KID 1973  |p 4315960  |r 2025-01-22  |w 2019-11-18  |y BK  |k MLA 
952 |0 0  |1 0  |4 0  |6 374_000000000000000_KID_1973  |7 0  |8 A  |9 244006  |a FDOPOS  |b FDOPOS  |d 2019-11-18  |i 4317149  |o 374 KID 1973  |p 4317149  |r 2025-01-22  |w 2019-11-18  |y BK  |k MLA